1380 1446 1381 1645 1727 1033 1742 1486 1067 1415 1920 1797 1210 1294 1675 1513 1748 1709 1374 1035 1879 1309 1716 1500 1036 1860 1264 1377 1218 1677 1462 1949 1149 1338 1010 1625 1443 1509 1729 1942 1925 1722 1459 1664 1771 1571 1532 1442 1176 1204 1153 1076 1764 1755 1595 1258 1499 1709 1079 1635 1714 1081 1725 1926 1304 1088 1961 1053 1750 1217 1505 1864 1455 1962 1945 1383 1802 1903 1989 1428 1960 1750 1681 1645 1611 1775 1336 1120 1210 1324 1678 1813 1172 1006 1544 1453 1952 1423 1005 BCNSPRNW ULIB Ver.6.0+V

เปลี่ยนเป็นภาษาไทย

Change to English
 แสดงรายละเอียดบรรณานุกรม
  กลับหน้าหลัก

Brief Record : Get Marc (ISO 2709) : E-mail record : QR code < ปิดหน้าต่าง
LEADER : 00000nam 2200000uu 4500
001    13399120079
003     ULIB
008    120829s2553||||th 000 0 tha d
020    ^a9789747787016(ล.2)
060 04 ^aWY100^bพ342น ล.2
245 00 ^aแนวคิดพื้นฐานและหลักการพยาบาล^nเล่ม 2 /^cบรรณาธิการ,อภิญญา เพียรพิจารณ์
250    ^aพิมพ์ครั้งที่ 12
260    ^aนนทบุรี :^bโครงการสวัสดิการวิชาการ สถาบันพระบรมราชชนก,^c2553
300    ^a[20], 487 หน้า :^bภาพประกอบ ;^c26 ซม.
650  7 ^aการพยาบาล
650  7 ^aการพยาบาลเบื้องต้น
700 0  ^aอภิญญา เพียรพิจารณ์,^eบรรณาธิการ
710 2  ^aสถาบันพระบรมราชชนก. ^bโครงการสวัสดิการวิชาการ
945    ^p220^l0^i19296
945    ^p220^l0^i19297
945    ^p220^l0^i19298
945    ^p220^l0^i19299
945    ^p220^l0^i19300
995    ^aกัณชพร
999 ^a ใช้งานได้ทุกระบบ
รายการนี้ยังไม่มีแท็ก
คุณยังไม่ได้ล็อกอิน คุณสามารถมีกิจกรรมร่วมกับเว็บไซต์ได้ แต่ต้องล็อกอินก่อน ::
  ล็อกอิน

รายการสื่อสารสนเทศ

ลำดับที่ ประเภท เลขเรียก/บาร์โค้ด สถานที่ สถานะ
1. Book การพยาบาล
Book การพยาบาล
WY100 พ342น ล.2  
  Barcode: 19296
ห้องสมุดวิทยาเขตนครสวรรค์
►ส่วนจัดเก็บหนังสือเก่า นว.
บนชั้น
  ขอยืม
2. Book การพยาบาล
Book การพยาบาล
WY100 พ342น ล.2 ฉ.2 
  Barcode: 19297
ห้องสมุดวิทยาเขตนครสวรรค์
►ส่วนจัดเก็บหนังสือเก่า นว.
บนชั้น
  ขอยืม
3. Book การพยาบาล
Book การพยาบาล
WY100 พ342น ล.2 ฉ.3 
  Barcode: 19298
ห้องสมุดวิทยาเขตนครสวรรค์
►ส่วนจัดเก็บหนังสือเก่า นว.
บนชั้น
  ขอยืม
4. Book การพยาบาล
Book การพยาบาล
WY100 พ342น ล.2 ฉ.4 
  Barcode: 19299
ห้องสมุดวิทยาเขตนครสวรรค์
►ส่วนจัดเก็บหนังสือเก่า นว.
บนชั้น
  ขอยืม
5. Book การพยาบาล
Book การพยาบาล
WY100 พ342น ล.2 ฉ.5 
  Barcode: 19300
ห้องสมุดวิทยาเขตนครสวรรค์
►ส่วนจัดเก็บหนังสือเก่า นว.
บนชั้น
  ขอยืม

รายการใกล้เคียง
    หัวเรื่อง [การพยาบาล]
    หัวเรื่อง [การพยาบาลเบื้องต้น]

BibComment


ยังไม่เคยถูกคอมเมนท์

คอมเมนท์ทรัพยากรรายการนี้
  คอมเมนท์: แนวคิดพื้นฐานและ..


 Copyright 2026. Bcnsprnw @Library